Creating great Web graphics /

Guardado en:
Autor Principal: McCanna, Laurie.
Formato: Libro
Idioma:English
Publicado: New York : MIS:Press, c1997.
Edición:2nd ed.
Materias:
Etiquetas: Agregar Etiqueta
Sin Etiquetas, Sea el primero en etiquetar este registro!
LEADER 00686cam a2200241 a 4500
001 DCC.dcic000521
008 970423s1997####nyua##########001#0#eng##
005 20151124133330.0
245 1 0 |a Creating great Web graphics /  |c [by] Laurie McCanna. 
250 |a 2nd ed. 
260 |a New York :  |b MIS:Press,  |c c1997. 
300 |a ix, 277 p. :  |b col. il. ;  |c 26 cm. 
500 |a Includes index. 
020 |a 1558285504 
100 1 |a McCanna, Laurie. 
082 0 0 |a 006.6  |2 21 
650 0 |a World Wide Web. 
650 0 |a Computer graphics. 
650 0 |a Web sites  |x Design. 
010 |a  97020212  
040 |a DLC  |c DLC  |d DLC 
050 0 0 |a TK5105.888  |b .M374 1997 
859 |a DCIC  |b BIB. COMPUTACION  |p 0693